000 02570cam0 2200421 ib4500
001 BY-MI0013-br331063
005 20260114121312.0
010 ^bв переплете
035 ^a(BY-MI0013)BY-MI0013-br331063
100 ^a20160325d1986 a y0rusy50 ca
101 1 ^arus
^cmul
102 ^aRU
105 ^aa z 000gy
109 ^ama
200 1 ^aПоэзия народов мира
^e(от древнейших времен до рубежа XIX-XX веков)
^fсоставление В. В. Левика, С. А. Небольсина, В. С. Столбова, С. А. Макуренковой
^gвступительная статья Г. Кружкова
^gоформление серии Б. А. Дехтерева
^gоформление тома А. Зайцева
210 ^aМосква
^cДетская литература
^d1986
215 ^a718, [2] с.
^cил.
^d22 см
225 1 ^aБиблиотека мировой литературы для детей
^vт. 50
345 ^9407 000 экз.
606 ^aВСЕМИРНАЯ ЛИТЕРАТУРА
^3BY-NLB-ar6384
^2DVNLB
606 ^aЗАРУБЕЖНАЯ ЛИТЕРАТУРА
^3BY-NLB-ar10779
^2DVNLB
606 ^aПОЭЗИЯ
^3BY-NLB-ar25014
^2DVNLB
608 ^aДЕТСКАЯ И ЮНОШЕСКАЯ ЛИТЕРАТУРА (художеств. произведение)
^3BY-NLB-ar9019
^2BYGNR
686 ^a84(0)
^2rubbk
690 ^a1
^2Base
^9BY-MI0013
^xRSEK
702 1 ^aЗайцев
^bА.
^3BY-SEK-232785
^4130
702 1 ^aДехтерев
^bБ. А.
^gБорис Александрович
^cхудожник
^f1908—1993
^3BY-SEK-ar1780256
^4440
702 1 ^aКружков
^bГ. М.
^gГригорий Михайлович
^cпоэт
^cпереводчик
^fрод. 1945
^3BY-SEK-542640
^4080
702 1 ^aМакуренкова
^bС. А.
^gСветлана Александровна
^cдоктор филологических наук
^cлитературоведение
^3BY-SEK-614868
^4220
702 1 ^aСтолбов
^bВ. С.
^gВалерий Сергеевич
^3BY-SEK-ar5253809
^4220
702 1 ^aНебольсин
^bС. А.
^gСергей Андреевич
^cдоктор филологических наук
^f1940—2021
^3BY-SEK-523252
^4220
702 1 ^aЛевик
^bВ. В.
^gВильгельм Вениаминович
^cпереводчик
^f1907—1982
^3BY-SEK-248439
^4220
801 0 ^aBY
^bBY-MI0013
^c20160325
^gpsbo
801 2 ^aBY
^bBY-MI0013
^c20260114
^gRCR
899 0 ^aBY-MI0013
^iП67
^h84(0)